000
00246nam a2200097Ia 4500
001
1157110
005
20250827011235.0
008
250824s9999 xx 000 0 und d
245
0
_a
NE OKURSAN O OLURSUN
_c
ROBERT DIYANNI
260
_b
ANTRE YAYINLARI
999
_c
1157110
_d
1157110